00717nam a22002177a 450000500170000000800410001701000150005802000270007303500130010003700130011304000130012608200120013910000030015124501400015426000400029427000440033430000240037850000510040270000240045370000220047720121204120042.0121204t xxu||||| |||| 00| 0 eng d aENG-106263 a9788184841671c3550.00 aEN-89796 bDBAD/PUB aDPLbEng a338.954  aIndian economic development :cedited by D.N. Bhattacharyyabcontemporary issues : a festschrift in honour of Professor Raj Kumar Sen / aNew DelhibRegal Publicationsc2012 aF-159 Rajouri GardenbNew Delhie110027 axix,688p.c25cm(Hb) aIncludes bibliographical references and index aBhattacharyya, D.N. aKarmakar, Asim K.